Philander Chase papers, (Record no. 40416)

MARC details
000 -LEADER
fixed length control field 00868cpcaa2200265 4500
001 - CONTROL NUMBER
control field mm 79000475
003 - CONTROL NUMBER IDENTIFIER
control field DLC
005 - DATE AND TIME OF LATEST TRANSACTION
control field 20260227111631.0
008 - FIXED-LENGTH DATA ELEMENTS--GENERAL INFORMATION
fixed length control field 790403|||||||||||| eng
010 ## - LIBRARY OF CONGRESS CONTROL NUMBER
LC control number mm 79000475
040 ## - CATALOGING SOURCE
Original cataloging agency DLC
Transcribing agency DLC
Description conventions dacs
Modifying agency DLC
072 #7 - SUBJECT CATEGORY CODE
Subject category code L
Source lcmd
100 1# - MAIN ENTRY--PERSONAL NAME
Personal name Chase, Philander,
Dates associated with a name 1775-1852.
245 00 - TITLE STATEMENT
Title Philander Chase papers,
Inclusive dates 1838-1852.
300 ## - PHYSICAL DESCRIPTION
Extent 3
Type of unit items.
506 0# - RESTRICTIONS ON ACCESS NOTE
Terms governing access Open to research.
533 ## - REPRODUCTION NOTE
Type of reproduction In part, positive photocopy.
Place of reproduction [S.l.].
545 0# - BIOGRAPHICAL OR HISTORICAL DATA
Biographical or historical data Clergyman and educator.
546 ## - LANGUAGE NOTE
Language note Collection material in English.
580 ## - LINKING ENTRY COMPLEXITY NOTE
Linking entry complexity note Forms part of: Miscellaneous Manuscripts collection.
656 #7 - INDEX TERM--OCCUPATION
Occupation Clergy.
Source of term itoamc
656 #7 - INDEX TERM--OCCUPATION
Occupation Educators.
Source of term itoamc

No items available.

Powered by Koha